000 03402cam a22012374i 4500
003 PE-LiUPU
005 20250813185332.0
008 160506s2014 pe ad b f000 0 spa d
020 _a6124640600
020 _a9786124640605
035 _a(Sirsi) i9786124640605
040 _aPUCPR
_bspa
_cPUCPR
_dPE-LiUPU
_erda
049 _aPRUA
082 0 4 _a371.2
_bI2
_221
110 2 _aIPEBA,
_eautor.
245 1 0 _a¿Qué y cómo evaluamos la gestión de la institución educativa? :
_bmatriz y guía de autoevaluación de la gestión educativa de instituciones de Educación Básica Regular /
_c[Peregrina Morgan Lora, [y otros más].
264 _aLima :
_bSistema Nacional de Evaluación, Acreditación y Certificación de la Calidad de la Educación :
_bIIPEBA,
_c2014.
300 _a163 páginas :
_bilustraciones ;
_c30 centímetros.
336 _atext
_2rdacontent
337 _aunmediated
_2rdamedia
338 _avolume
_2rdacarrier
490 0 _aSerie : Documentos técnicos ;
_v11
504 _aBibliografía: páginas 153-158.
505 0 _a¿Qué se evalúa en la institución educativa? -- ¿Cómo se concibe la calidad educativa? -- ¿Cuáles son los propositos de la acreditación y evaluación de la gestión educativa y cómo es el proceso? -- ¿Qué es la autoevaluación? -- ¿Cómo se autoevalúa la institución educativa?.
526 _aP202
526 _aP201
526 _aP163
526 _aP162
526 _aP161
526 _aP160
526 _aP148
526 _aP147
526 _aP146
526 _aP145
526 _aP144
526 _aP143
526 _aP142
526 _aP141
526 _aP140
526 _aP139
526 _aP138
526 _aP137
526 _aP136
526 _aP135
526 _aP134
526 _aP133
526 _aP129
526 _aP128
526 _aP127
526 _aP120
526 _aP119
526 _aP118
526 _aP116
526 _aP115
526 _aP114
526 _aP110
526 _aP109
526 _aP108
526 _aP104
526 _aP103
526 _aP102
526 _aP99
526 _aP98
526 _aP97
526 _aP96
526 _aP95
526 _aP93
526 _aP90
526 _aP89
526 _aP88
526 _aP83
526 _aP82
526 _aP62
526 _aP59
526 _aP58
526 _aP57
526 _aP51
526 _aP49
526 _aP48
526 _aP47
526 _aP29
526 _aP24
526 _aP20
526 _aP19
526 _aP17
526 _aP15
526 _aP14
526 _aP12
526 _aP10
526 _aP09
526 _aP08
526 _aP07
526 _aP06
526 _aP05
526 _aP04
526 _aP01
650 2 4 _aEducación básica
_zPerú.
700 1 _aMorgan Lora, Peregrina,
_editor.
910 _ajck
_bncf
_cncf
_d20160811
942 _2ddc
_cBOOK
949 _a371.2 I2
_wDEWEY
_c1
_i74334
_lCCODEBUL1
_mBUL
_p7.00
_r0
_sY
_tBOOK
_u2016-8-11
_PP20
_0DONACION
_o.STAFF. Colección General
994 _aC0
_bPEPRU
596 _a1
999 _a371.2 I2
_wDEWEY
_c11852
_i74334
_f2021-11-8
_g5
_lCCODEBUL1
_mBUL
_p7.00
_r0
_sY
_tBOOK
_u2016-8-11
_xEDUCACION
_PP20
_0COMPRA
_o.STAFF. Colección General
_d11852
980 _81
_gALBERTO SANCHEZ Responsable de Automatización